000 00703nam a2200205 a 4500
001 000024736
005 20200930023334.0
008 110203s1970 mx r 000 0 spa d
040 _aDO-SdBNP
_bspa
_cBNPHU
082 _ann*
_bnn*
100 1 _aOtero, Carlos-Peregrín.
_928388
245 1 0 _aIntroducción a la lingüística transformacional :
_bretrospectiva de una confluencia /
_cC. P. Otero.
260 _aMéxico, D. F. :
_bSiglo Veintiuno,
_c1970.
300 _a300 p. ;
_c21 cm.
490 1 _aTeoría y crítica
504 _aBibliografía : 267-292 p.
500 _aIncluye referencias bibliográficas y notas al pie de las páginas.
830 0 _aTeoría y crítica
_931033
049 _aBNGR
999 _c24229
_d24229